| 000 | 00406nam a2200133Ia 4500 | ||
|---|---|---|---|
| 008 | 191111s9999 xx 000 0 und d | ||
| 020 | _a9789814839402 | ||
| 100 | _aEvans, James R. | ||
| 245 |
_cJames R. Evans.-- _aQuality and performance excellence / |
||
| 250 | _a8th ed | ||
| 260 |
_aPhilippines : _bCengage Learning Asia Pte Ltd _c2013 |
||
| 300 | _axv, 470 pages. | ||
| 650 | _aTotal Quality Management | ||
| 999 |
_c362613 _d362613 |
||